LEADER 01444aam 2200409I 450 001 9910710286903321 005 20160121100808.0 024 8 $aGOVPUB-C13-cda998c211264d1cc7d02cb4ee161a5d 035 $a(CKB)5470000002476414 035 $a(OCoLC)935499053 035 $a(EXLCZ)995470000002476414 100 $a20160121d1979 ua 0 101 0 $aeng 181 $2rdacontent 182 $2rdamedia 183 $2rdacarrier 200 10$aCollaborative reference program for rubber $eanalyses no. 41 July-September 1979 /$fT. L. Cummings; J. Horlick; G. W. Bullman 210 1$aGaithersburg, MD :$cU.S. Dept. of Commerce, National Institute of Standards and Technology,$d1979. 215 $a1 online resource 225 1 $aNBSIR ;$v79-1811 300 $a1979. 300 $aContributed record: Metadata reviewed, not verified. Some fields updated by batch processes. 300 $aTitle from PDF title page. 320 $aIncludes bibliographical references. 517 $aCollaborative reference program for rubber 700 $aCummings$b T. L$01386493 701 $aBullman$b G. W$01386492 701 $aCummings$b T. L$01386493 701 $aHorlick$b J$01386491 712 02$aUnited States.$bNational Bureau of Standards. 801 0$bNBS 801 1$bNBS 801 2$bGPO 906 $aBOOK 912 $a9910710286903321 996 $aCollaborative reference program for rubber$93482256 997 $aUNINA LEADER 03146nam 2200589Ia 450 001 9910782101603321 005 20230721032851.0 010 $a1-281-77548-7 010 $a9786611775483 010 $a92-832-0422-0 035 $a(CKB)1000000000539323 035 $a(EBL)361764 035 $a(OCoLC)261329780 035 $a(MiAaPQ)EBC361764 035 $a(Au-PeEL)EBL361764 035 $a(CaPaEBR)ebr10252490 035 $a(CaONFJC)MIL177548 035 $a(OCoLC)608623209 035 $a(EXLCZ)991000000000539323 100 $a20080912d2007 uy 0 101 0 $aeng 135 $aur|n|---||||| 200 10$aOrientation on harm reduction$b[electronic resource] $ethree-hour training course$iParticipant manual /$fWorld Health Organization, Western Pacific Region ; [developed and written by Sarah Larney and Kate Dolan ; edited by Manuela Moeller] 210 $aManila, Philippines $cWHO, Western Pacific Region$dc2007 215 $a1 online resource (50 p.) 300 $aDescription based upon print version of record. 311 $a92-9061-308-4 320 $aIncludes bibliographical references. 327 $aPreliminaries; Acknowledgements; CONTENTS; ABBREVIATIONS; INTRODUCTORY NOTES; PRE-TRAINING KNOWLEDGE QUESTIONNAIRE; MODULE 1: Introduction to drugs, HIV and harm reduction; MODULE 2: Outreach to injecting drug users; MODULE 3: Drug dependency treatment; MODULE 4: Needle and syringe programmes; MODULE 5: HIV prevention in prisons and closed settings; POST-TRAINING KNOWLEDGE QUESTIONNAIRE; 330 $aThis training package has been produced for audiences unfamiliar with harm reduction for injecting drug users. It provides an introduction to important concepts in HIV prevention for injecting drug users. The package contains five training modules with slides that can be delivered separately or in one session. The modules cover the following topics: introduction to drugs, HIV and harm reduction; Outreach to injecting drug users; Drug-dependency treatment; Needle and syringe programmes and HIV prevention in prisons and closed settings. The delivery of this training package should include opp 606 $aAIDS (Disease)$xPrevention$vHandbooks, manuals, etc 606 $aAIDS (Disease)$xRisk factors$vHandbooks, manuals, etc 606 $aDrug abuse$xComplications$xPrevention$vHandbooks, manuals, etc 606 $aHarm reduction$vHandbooks, manuals, etc 606 $aHIV infections$vHandbooks, manuals, etc 606 $aSubstance abuse$xPrevention$vHandbooks, manuals, etc 615 0$aAIDS (Disease)$xPrevention 615 0$aAIDS (Disease)$xRisk factors 615 0$aDrug abuse$xComplications$xPrevention 615 0$aHarm reduction 615 0$aHIV infections 615 0$aSubstance abuse$xPrevention 700 $aLarney$b Sarah$01473773 701 $aDolan$b Kate A$01473774 712 02$aWorld Health Organization.$bRegional Office for the Western Pacific. 801 0$bMiAaPQ 801 1$bMiAaPQ 801 2$bMiAaPQ 906 $aBOOK 912 $a9910782101603321 996 $aOrientation on harm reduction$93687081 997 $aUNINA